01342cam a22003131 4500001001300000003000400013005001700017008004100034010001700075035001900092040002500111042001200136050001800148100002100166245013000187260007000317300005600387490005400443500014900497504002800646650003800674650004200712650004300754700004900797700005000846710005700896810005800953999001701011gs 65000361 DLC20260227111417.0740923s1965 xx 000 0 eng  ags 65000361  a(OCoLC)1018089 aDLCcNRUdOCoLCdDLC apremarc00aGB1025.M9bM31 aMcMurtrey, R. G.10aGeology and ground-water resources of the Missoula Basin, Montana,cby R. G. McMurtrey, R. L. Konizeski and Alex Brietkrietz. aButte,bMontana College of Mineral Science and Technology,c1965. aiv, 35 p.billus., maps (3 fold. in pocket)c28 cm.1 aMontana. Bureau of Mines and Geology. Bulletin 47 a"Prepared by the U. S. Geological Survey, Water Resources Division, under a cooperative agreement with the Montana Bureau of Mines and Geology." aBibliography: p. 34-35. 0aGeologyzMontanazMissoula Basin. 0aGroundwaterzMontanazMissoula Basin. 0aWater-supplyzMontanazMissoula Basin.1 aKonizeski, Richard L.,d1917-ejoint author.1 aBrietkrietz, Alex,d1929- ,ejoint author.2 aGeological Survey (U.S.).bWater Resources Division.2 aMontana Bureau of Mines and Geology.tBulletin ;v47. c30104d30104